000 00757nam a2200289Ia 4500
005 20260324130124.0
008 008 260324s9999 xx 000 0 eng d
020 _a9781003238379
037 _aEBOOK
040 _aCRL
040 _beng
040 _cCRL
041 _2eng
041 _aeng
084 _qCRL
100 _aJeffrey D. Stocks
_91180593
245 0 _aSupreme Court Decisions
245 0 _bScenarios, Simulations, and Activities for Understanding and Evaluating 14 Landmark Court Cases (Grades 7-12)
260 _bTaylor and Francis
260 _c2008
365 _a
365 _b72.99
856 _uhttp://www.taylorfrancis.com/books/9781003238379
942 _cEBOOK
999 _c1776468
_d1776468